La economía de los países subdesarrollados
保存先:
| 第一著者: | |
|---|---|
| フォーマット: | 図書 |
| 言語: | スペイン語 |
| 出版事項: |
Madrid
Guadarrama
1965
|
| シリーズ: | Biblioteca para el Hombre Actual, 2
|
| 主題: | |
| タグ: |
タグ追加
タグなし, このレコードへの初めてのタグを付けませんか!
|
MARC
| LEADER | 00000nam a2200000 a 4500 | ||
|---|---|---|---|
| 001 | UCR9699 | ||
| 003 | CL-VaPUC | ||
| 008 | 980613e19650000SP |||||||||||||||||spa|d | ||
| 082 | 0 | 4 | |a 338.9 |b BAH |2 21 |
| 100 | 0 | |a Bhagwait, Jagdish |e author |9 412487 | |
| 245 | 1 | 3 | |a La economía de los países subdesarrollados |
| 300 | |a 252 p | ||
| 942 | |c BK | ||
| 945 | |d 19980613 00:00:00 |a crobeson | ||
| 260 | |a Madrid |b Guadarrama |c 1965 | ||
| 650 | 7 | |a SUBDESARROLLO |2 CL-VaPUC |9 337696 | |
| 650 | 7 | |a PAISES EN RECESION |2 CL-VaPUC |9 338231 | |
| 650 | 7 | |a FACTORES SOCIOECONOMICOS |2 CL-VaPUC |9 339981 | |
| 650 | 7 | |a AYUDA AL DESARROLLO |2 CL-VaPUC |9 338256 | |
| 650 | 0 | |a Planificación del desarrollo |9 326796 | |
| 650 | 0 | |a Pobreza |9 258652 | |
| 650 | 0 | |a Distribución del ingreso |9 334288 | |
| 650 | 7 | |a PRODUCCION EMPLEO |2 CL-VaPUC |9 412488 | |
| 650 | 0 | |a Economía internacional |9 258254 | |
| 650 | 0 | |a Recursos humanos |9 228420 | |
| 650 | 0 | |a Industrialización |9 263687 | |
| 650 | 7 | |a DESARROLLO AGRICOLA |2 CL-VaPUC |9 259759 | |
| 583 | |a last modification |c 19980613 00:00:00 |k Rodrigo Vera | ||
| 490 | 0 | |a Biblioteca para el Hombre Actual, 2 | |
| 999 | |c 270877 |d 270875 | ||
| 952 | |0 0 |1 0 |4 0 |6 338_900000000000000_BAH_1965 |7 0 |8 A |9 305327 |a BIBGIM |b BIBGIM |d 2019-11-20 |i 1418033 |o 338.9 BAH 1965 |p 1418033 |r 2025-01-15 |w 2019-11-20 |y BK |k COM | ||
| 952 | |0 0 |1 0 |4 0 |6 338_900000000000000_BAH_1965 |7 0 |8 A |9 305328 |a BIBENE |b BIBENE |d 2019-11-20 |i 1418041 |o 338.9 BAH 1965 |p 1418041 |r 2025-01-15 |w 2019-11-20 |y BK |k ICO | ||